Click the Niger River Countries Quiz Stats

 Plays Quiz Updated May 15, 2018

Also try: On a Map: Africa
Challenge
Share
Tweet
Score 0/5 Timer 00:30
2 Plays Today
% Correct
Mali
92.7%
Guinea
89.3%
Nigeria
88.9%
Niger
88.4%
Benin
87.5%

You're not logged in!

Compare scores with friends on all Sporcle quizzes.
Join for Free
OR
Log In

You Might Also Like...

Show Comments

Extras

Top Quizzes Today


Score Distribution

Your Account Isn't Verified!

In order to create a playlist on Sporcle, you need to verify the email address you used during registration. Go to your Sporcle Settings to finish the process.

Report this User

Report this user for behavior that violates our Community Guidelines.

Details: